[Event "90th DEN-ch"]
[Site "Odense DEN"]
[Date "2011.04.16"]
[Round "1"]
[White "Antonsen, Mikkel"]
[Black "Andersen, Mads"]
[WhiteElo "2449"]
[BlackElo "2413"]
[Result "1/2-1/2"]
[EventDate "2011.04.16"]
[PlyCount "72"]
[EventCategory "7"]
[Source "ChessBase"]
[SourceDate "2011.05.03"]

1. d4 Nf6 2. c4 g6 3. Nc3 d5 4. Bf4 Bg7 5. e3 O-O 6. Nf3 c5 7. dxc5 Qa5 8. Rc1
dxc4 9. Bxc4 Qxc5 10. Bb3 Nc6 11. O-O Qa5 12. h3 Bf5 13. Qe2 Ne4 14. g4 Nxc3
15. bxc3 Bd7 16. Rfd1 Rad8 17. Rd5 Qa3 18. Rcd1 Be6 19. Rxd8 Nxd8 20. Qb5 Bxb3
21. axb3 Qb2 22. Be5 Qc2 23. Rd7 Bxe5 24. Nxe5 Ne6 25. Qd5 Qxc3 26. Rxb7 Rd8
27. Rd7 Rxd7 28. Nxd7 Kg7 29. Kg2 a5 30. Qb5 h6 31. h4 Qc7 32. Qd5 Qc3 33. Kf3
Qa1 34. Kg2 Qc3 35. Qb5 Qc7 36. Qd5 Qc3 1/2-1/2

[Event "90th DEN-ch"]
[Site "Odense DEN"]
[Date "2011.04.16"]
[Round "1"]
[White "Bekker-Jensen, Simon"]
[Black "Skytte, Rasmus"]
[WhiteElo "2397"]
[BlackElo "2409"]
[Result "1/2-1/2"]
[EventDate "2011.04.16"]
[PlyCount "43"]
[EventCategory "7"]
[Source "ChessBase"]
[SourceDate "2011.05.03"]

1. d4 Nf6 2. c4 c5 3. d5 b5 4. cxb5 a6 5. bxa6 g6 6. Nc3 Bxa6 7. e4 Bxf1 8.
Kxf1 d6 9. Nf3 Nbd7 10. g3 Bg7 11. Kg2 O-O 12. Re1 Ng4 13. Qe2 Qa5 14. Nd2 Bxc3
15. Qxg4 Bxd2 16. Bxd2 Qxd2 17. Qxd7 Rfe8 18. b3 Kf8 19. Qh3 Kg8 20. Qd7 Kf8
21. Qh3 Kg8 22. Qd7 1/2-1/2

[Event "90th DEN-ch"]
[Site "Odense DEN"]
[Date "2011.04.16"]
[Round "1"]
[White "Kristiansen, Jens"]
[Black "Seegert, Kristian"]
[WhiteElo "2436"]
[BlackElo "2146"]
[Result "1-0"]
[EventDate "2011.04.16"]
[PlyCount "71"]
[EventCategory "7"]
[Source "ChessBase"]
[SourceDate "2011.05.03"]

1. d4 d5 2. c4 c6 3. Nf3 Nf6 4. Nc3 e6 5. Bg5 h6 6. Bh4 dxc4 7. e4 g5 8. Bg3 b5
9. Be2 Bb7 10. Qc2 Nbd7 11. Rd1 Be7 12. O-O Qb6 13. Ne5 h5 14. h3 Rh6 15. f4 g4
16. f5 Nxe5 17. Bxe5 gxh3 18. Qd2 Ng8 19. Bg7 Rh7 20. f6 Bd6 21. gxh3 O-O-O 22.
Qg5 Bf8 23. Kh2 Bxg7 24. fxg7 Qc7+ 25. e5 f6 26. Qf4 f5 27. Rg1 Rd7 28. Rg6 Re7
29. Rxe6 Rxe6 30. Qxf5 Rhh6 31. Bxh5 Ne7 32. Qf8+ Qd8 33. Bg4 Kc7 34. d5 cxd5
35. Nxb5+ Kb6 36. Qxd8+ 1-0

[Event "90th DEN-ch"]
[Site "Odense DEN"]
[Date "2011.04.16"]
[Round "1"]
[White "Pedersen, Steffen"]
[Black "Schandorff, Lars"]
[WhiteElo "2417"]
[BlackElo "2488"]
[Result "1/2-1/2"]
[EventDate "2011.04.16"]
[PlyCount "59"]
[EventCategory "7"]
[Source "ChessBase"]
[SourceDate "2011.05.03"]

1. d4 Nf6 2. c4 e6 3. Nf3 d5 4. Nc3 dxc4 5. e3 a6 6. Bxc4 b5 7. Bb3 Bb7 8. O-O
c5 9. e4 cxd4 10. Nxd4 Nc6 11. Be3 Be7 12. Nxc6 Qxd1 13. Rfxd1 Bxc6 14. f3 O-O
15. Ne2 Rfd8 16. Nf4 h6 17. Rxd8+ Rxd8 18. Rc1 Be8 19. e5 Nd7 20. Nd3 Nb8 21.
Bb6 Rxd3 22. Rc8 Kf8 23. Rxb8 Rd2 24. Ra8 Rxb2 25. Rxa6 Re2 26. Bc7 Rd2 27. Bd6
g5 28. Bxe7+ Kxe7 29. Ra7+ Bd7 30. Rc7 1/2-1/2

[Event "90th DEN-ch"]
[Site "Odense DEN"]
[Date "2011.04.17"]
[Round "2"]
[White "Andersen, Mads"]
[Black "Rasmussen, Allan Stig"]
[WhiteElo "2413"]
[BlackElo "2538"]
[Result "1-0"]
[EventDate "2011.04.16"]
[PlyCount "89"]
[EventCategory "7"]
[Source "ChessBase"]
[SourceDate "2011.05.03"]

1. e4 c5 2. Nf3 d6 3. d4 cxd4 4. Nxd4 Nf6 5. Nc3 a6 6. Be2 e6 7. O-O Be7 8. a4
Nc6 9. Be3 O-O 10. f4 Qc7 11. Kh1 Re8 12. Bf3 Rb8 13. g4 Nd7 14. g5 Bf8 15. Bg2
g6 16. Qf3 Nb4 17. Rad1 b6 18. Rd2 Bb7 19. Qh3 e5 20. Nde2 exf4 21. Nxf4 Bg7
22. Bd4 Ne5 23. b3 Bc6 24. Nd1 Qd8 25. c3 Bd7 26. Qg3 Nbc6 27. Nd5 Be6 28. N1e3
b5 29. Qf4 Kh8 30. axb5 Rxb5 31. b4 Nxd4 32. cxd4 Nc6 33. Nf6 Bxf6 34. gxf6 g5
35. Qg3 Nxb4 36. d5 Bc8 37. Nc4 Rb6 38. Nxb6 Qxb6 39. Qxg5 Rg8 40. Qf4 a5 41.
Rf3 Qc7 42. Rg3 Qc1+ 43. Bf1 Rxg3 44. hxg3 Bh3 45. Qg5 1-0

[Event "90th DEN-ch"]
[Site "Odense DEN"]
[Date "2011.04.17"]
[Round "2"]
[White "Antonsen, Mikkel"]
[Black "Kristiansen, Jens"]
[WhiteElo "2449"]
[BlackElo "2436"]
[Result "1-0"]
[EventDate "2011.04.16"]
[PlyCount "59"]
[EventCategory "7"]
[Source "ChessBase"]
[SourceDate "2011.05.03"]

1. d4 Nf6 2. c4 e6 3. Nc3 Bb4 4. Qc2 O-O 5. e4 d6 6. a3 Bxc3+ 7. bxc3 e5 8. Bd3
Nc6 9. Ne2 b6 10. O-O Nd7 11. Be3 Ba6 12. Ng3 Na5 13. Qe2 Qe8 14. f4 f6 15. Nf5
Kh8 16. Rf3 g6 17. Ng3 c5 18. dxe5 dxe5 19. f5 g5 20. Nf1 Qf7 21. Nd2 Rfd8 22.
g4 Kg7 23. h4 h6 24. Rh3 Nf8 25. hxg5 hxg5 26. Rf1 Rd6 27. Rff3 Rad8 28. Qh2
Rxd3 29. Rh8 Qd7 30. Rfh3 1-0

[Event "90th DEN-ch"]
[Site "Odense DEN"]
[Date "2011.04.17"]
[Round "2"]
[White "Schandorff, Lars"]
[Black "Aagaard, Jacob"]
[WhiteElo "2488"]
[BlackElo "2528"]
[Result "1/2-1/2"]
[EventDate "2011.04.16"]
[PlyCount "47"]
[EventCategory "7"]
[Source "ChessBase"]
[SourceDate "2011.05.03"]

1. d4 d5 2. c4 e6 3. Nf3 c5 4. g3 Nf6 5. Bg2 Nc6 6. O-O Be7 7. dxc5 Bxc5 8. a3
O-O 9. b4 Bb6 10. Bb2 Qe7 11. Nbd2 Rd8 12. cxd5 exd5 13. Nb3 Ne4 14. b5 Na5 15.
Nxa5 Bxa5 16. Qd4 f6 17. Qa4 Bb6 18. Bd4 Bd7 19. Rfc1 Qe8 20. Qb4 Rac8 21. a4
Rxc1+ 22. Rxc1 Rc8 23. Qa3 Kf7 24. h3 1/2-1/2

[Event "90th DEN-ch"]
[Site "Odense DEN"]
[Date "2011.04.17"]
[Round "2"]
[White "Seegert, Kristian"]
[Black "Bekker-Jensen, Simon"]
[WhiteElo "2146"]
[BlackElo "2397"]
[Result "0-1"]
[EventDate "2011.04.16"]
[PlyCount "90"]
[EventCategory "7"]
[Source "ChessBase"]
[SourceDate "2011.05.03"]

1. e4 c5 2. Nf3 d6 3. d4 Nf6 4. Nc3 cxd4 5. Nxd4 a6 6. Bg5 Nbd7 7. f4 Qc7 8.
Qf3 h6 9. Bxf6 Nxf6 10. f5 Qc5 11. O-O-O g5 12. g4 Bg7 13. Nce2 Bd7 14. Bg2 Rc8
15. Rd3 Qe5 16. h3 Bc6 17. Nxc6 Rxc6 18. Rb3 b5 19. Kb1 O-O 20. Nc1 Rc4 21. Re1
Nd7 22. Nd3 Qf6 23. Bf1 Rfc8 24. c3 Nc5 25. Nxc5 R4xc5 26. Qd3 Qe5 27. Rb4 Bf6
28. Rd4 Qf4 29. Rd5 b4 30. Rxc5 dxc5 31. e5 Bxe5 32. Qd5 Bf6 33. Bc4 Rf8 34.
cxb4 cxb4 35. Rc1 Qh2 36. Rc2 Qxh3 37. Be2 Qe3 38. Qf3 Qb6 39. Qh3 Kg7 40. Bc4
Rd8 41. Qh1 a5 42. Rh2 Qd4 43. Bb3 Qe5 44. Rc2 Rd4 45. Bxf7 Re4 0-1

[Event "90th DEN-ch"]
[Site "Odense DEN"]
[Date "2011.04.17"]
[Round "2"]
[White "Skytte, Rasmus"]
[Black "Pedersen, Steffen"]
[WhiteElo "2409"]
[BlackElo "2417"]
[Result "1/2-1/2"]
[EventDate "2011.04.16"]
[PlyCount "101"]
[EventCategory "7"]
[Source "ChessBase"]
[SourceDate "2011.05.03"]

1. c4 e6 2. Nc3 d5 3. d4 Nf6 4. cxd5 exd5 5. Bg5 c6 6. Qc2 Nbd7 7. e3 Bd6 8.
Bd3 Nf8 9. Bh4 Ng6 10. Bg3 O-O 11. Nge2 Re8 12. O-O-O b6 13. h4 Nf8 14. Kb1 Be6
15. Nf4 Rc8 16. f3 Bd7 17. Qf2 Qe7 18. Rhe1 Ne6 19. Nfe2 Nf8 20. Bxd6 Qxd6 21.
g4 Kh8 22. Ng3 Ng8 23. g5 Rcd8 24. Bc2 Bc8 25. e4 dxe4 26. fxe4 c5 27. dxc5
Qxc5 28. Qxf7 Re7 29. Qf1 Rxd1+ 30. Rxd1 Rd7 31. Rd5 Qe7 32. Nf5 Qf7 33. Bb3
Rxd5 34. Bxd5 Be6 35. Qc4 Qd7 36. Bxe6 Nxe6 37. Nd5 h6 38. Qe2 Kh7 39. a3 Nc5
40. gxh6 g6 41. Nd4 Kxh6 42. Nf3 Qg4 43. Qe3+ Kg7 44. Qc3+ Kf8 45. Ng5 Qe2 46.
Ka2 Qf1 47. e5 Ne7 48. Nf6 Nd3 49. a4 Nc6 50. Nd5 Ndxe5 51. Ne6+ 1/2-1/2

[Event "90th DEN-ch"]
[Site "Odense DEN"]
[Date "2011.04.18"]
[Round "3"]
[White "Bekker-Jensen, Simon"]
[Black "Antonsen, Mikkel"]
[WhiteElo "2397"]
[BlackElo "2449"]
[Result "1-0"]
[EventDate "2011.04.16"]
[PlyCount "173"]
[EventCategory "7"]
[Source "ChessBase"]
[SourceDate "2011.05.03"]

1. d4 d5 2. c4 e6 3. Nc3 Be7 4. Nf3 Nf6 5. Bg5 h6 6. Bh4 O-O 7. cxd5 Nxd5 8.
Bxe7 Qxe7 9. Rc1 b6 10. e3 Bb7 11. Bd3 Rd8 12. O-O c5 13. Nxd5 exd5 14. Ne5 c4
15. Bb1 Nd7 16. f4 Nf8 17. Rf3 f6 18. Ng6 Nxg6 19. Bxg6 Bc8 20. Qc2 b5 21. h3
Be6 22. g4 Bf7 23. Bf5 Qe8 24. Qg2 Bg6 25. Bxg6 Qxg6 26. f5 Qe8 27. h4 Qe7 28.
Rcf1 Rd7 29. g5 hxg5 30. hxg5 fxg5 31. Rg3 Rf8 32. Rff3 b4 33. Rxg5 c3 34. Rg4
Rd6 35. Rfg3 Rf7 36. Rg6 Rd7 37. Re6 Qd8 38. Rh6 Rf6 39. Rh5 Qc7 40. bxc3 bxc3
41. Qh2 Kf7 42. Rxg7+ Kxg7 43. Rh7+ Kf8 44. Qxc7 Rxc7 45. Rxc7 Ra6 46. Kf2
Rxa2+ 47. Kf3 c2 48. Kf4 Ke8 49. Ke5 Kd8 50. Rc3 a5 51. Kxd5 a4 52. Ke6 Rb2 53.
d5 Rb3 54. Rxc2 Rxe3+ 55. Kd6 a3 56. Rc7 Ke8 57. Ra7 Kf8 58. Kc5 Rf3 59. Kc6
Rc3+ 60. Kd7 Kf7 61. d6 Kf6 62. Ra5 Kf7 63. Kd8 Kf8 64. d7 Kf7 65. Ra6 Rd3 66.
Ra5 Rc3 67. Ra7 Kf6 68. Ke8 Re3+ 69. Kf8 Rd3 70. Ra6+ Kxf5 71. Ke7 Re3+ 72. Kf7
Rd3 73. Ra5+ Kg4 74. Ke7 Re3+ 75. Kf6 Rd3 76. Ke6 Re3+ 77. Kd6 Rd3+ 78. Ke6
Re3+ 79. Kf6 Rd3 80. Ra4+ Kh5 81. Ra5+ Kg4 82. Ra4+ Kh5 83. Ke6 Re3+ 84. Kf5
Rf3+ 85. Ke4 Rf8 86. Rxa3 Rd8 87. Kf5 1-0

[Event "90th DEN-ch"]
[Site "Odense DEN"]
[Date "2011.04.18"]
[Round "3"]
[White "Kristiansen, Jens"]
[Black "Andersen, Mads"]
[WhiteElo "2436"]
[BlackElo "2413"]
[Result "1-0"]
[EventDate "2011.04.16"]
[PlyCount "93"]
[EventCategory "7"]
[Source "ChessBase"]
[SourceDate "2011.05.03"]

1. d4 Nf6 2. c4 g6 3. Nc3 d5 4. Nf3 Bg7 5. e3 O-O 6. cxd5 Nxd5 7. Bc4 Nxc3 8.
bxc3 c5 9. O-O Qc7 10. Qe2 b6 11. Rd1 Bb7 12. e4 e6 13. Bg5 Nd7 14. Rac1 a6 15.
Bd3 e5 16. Qe3 Rfe8 17. Bh6 Bh8 18. h4 c4 19. Bb1 exd4 20. cxd4 Nf6 21. Bf4 Qc8
22. Ne5 b5 23. f3 Qd8 24. Qf2 Qb6 25. Be3 Qd6 26. Qb2 Qe7 27. a4 bxa4 28. Ba2
a3 29. Qf2 Nd7 30. Bg5 Qd6 31. Bxc4 Rf8 32. Bh6 Bg7 33. Bxg7 Kxg7 34. Nxd7 Qxd7
35. d5 Qd6 36. Rb1 Bc8 37. f4 Bg4 38. e5 Qd7 39. Rd2 Qa4 40. Ba2 Rab8 41. Rxb8
Rxb8 42. e6 Rb7 43. Qe3 Qb4 44. d6 Bxe6 45. Bxe6 fxe6 46. d7 a2 47. Qe5+ 1-0

[Event "90th DEN-ch"]
[Site "Odense DEN"]
[Date "2011.04.19"]
[Round "4"]
[White "Andersen, Mads"]
[Black "Schandorff, Lars"]
[WhiteElo "2413"]
[BlackElo "2488"]
[Result "1-0"]
[EventDate "2011.04.16"]
[PlyCount "95"]
[EventCategory "7"]
[Source "ChessBase"]
[SourceDate "2011.05.03"]

1. e4 c6 2. d4 d5 3. Nc3 dxe4 4. Nxe4 Bf5 5. Ng3 Bg6 6. h4 h6 7. Nf3 Nd7 8. h5
Bh7 9. Bd3 Bxd3 10. Qxd3 e6 11. Bd2 Ngf6 12. O-O-O Be7 13. Qe2 Rc8 14. Ne5 O-O
15. Kb1 c5 16. Be3 Qc7 17. Nxd7 Nxd7 18. d5 Qb6 19. dxe6 Qxe6 20. Bxh6 Qxe2 21.
Nxe2 Nf6 22. Bf4 Rfd8 23. Rxd8+ Rxd8 24. f3 Bd6 25. Bg5 Re8 26. Nc3 Nh7 27. Bd2
f5 28. Nd5 Kf7 29. Re1 Rxe1+ 30. Bxe1 Ke6 31. c4 f4 32. Bh4 Nf8 33. Kc2 Nd7 34.
b3 Kf5 35. a4 Ne5 36. Be7 Bxe7 37. Nxe7+ Kg5 38. Nd5 b6 39. Kc3 Kf5 40. b4
cxb4+ 41. Kxb4 Nd3+ 42. Kb5 Ke5 43. Ka6 Nc5+ 44. Kxa7 Nxa4 45. Nxb6 Nc5 46. Nd5
Nd3 47. Kb6 Ne1 48. c5 1-0

[Event "90th DEN-ch"]
[Site "Odense DEN"]
[Date "2011.04.19"]
[Round "4"]
[White "Kristiansen, Jens"]
[Black "Bekker-Jensen, Simon"]
[WhiteElo "2436"]
[BlackElo "2397"]
[Result "1-0"]
[EventDate "2011.04.16"]
[PlyCount "63"]
[EventCategory "7"]
[Source "ChessBase"]
[SourceDate "2011.05.03"]

1. d4 Nf6 2. Nf3 g6 3. c4 Bg7 4. Nc3 O-O 5. e4 d6 6. Be2 e5 7. d5 a5 8. h3 Na6
9. Bg5 Qe8 10. Nd2 Nd7 11. a3 h6 12. Be3 f5 13. f3 c5 14. dxc6 bxc6 15. b4 axb4
16. axb4 Bb7 17. Rb1 Nf6 18. O-O Qe7 19. Qc2 Nh5 20. c5 dxc5 21. bxc5 Nxc5 22.
Nb3 Ne6 23. Bc4 Bc8 24. Bc5 Qg5 25. Bxf8 Bxf8 26. Ne2 Ra7 27. Kh2 Rc7 28. Nc5
Nhg7 29. Nxe6 Nxe6 30. Rb8 Bd7 31. Rd1 Qf6 32. Qb3 1-0

[Event "90th DEN-ch"]
[Site "Odense DEN"]
[Date "2011.04.19"]
[Round "4"]
[White "Seegert, Kristian"]
[Black "Aagaard, Jacob"]
[WhiteElo "2146"]
[BlackElo "2528"]
[Result "0-1"]
[EventDate "2011.04.16"]
[PlyCount "64"]
[EventCategory "7"]
[Source "ChessBase"]
[SourceDate "2011.05.03"]

1. e4 c5 2. Nf3 Nc6 3. d4 cxd4 4. Nxd4 Qb6 5. Nb3 Nf6 6. Nc3 e6 7. Qe2 Bb4 8.
Bd2 O-O 9. a3 Be7 10. g4 d5 11. O-O-O d4 12. Na2 Rd8 13. f3 e5 14. Qb5 Qc7 15.
Kb1 a6 16. Qe2 a5 17. Qf2 Be6 18. Nbc1 b5 19. g5 Nd7 20. f4 exf4 21. Bxf4 Qb6
22. Qg3 Ra7 23. Bh3 Bxh3 24. Qxh3 b4 25. Qf5 bxa3 26. b3 a4 27. Rd3 Ra5 28. Qh3
Nc5 29. Rhd1 axb3 30. Nxb3 Nxd3 31. Rxd3 Bxg5 32. Bxg5 Rxg5 0-1

[Event "90th DEN-ch"]
[Site "Odense DEN"]
[Date "2011.04.20"]
[Round "5"]
[White "Aagaard, Jacob"]
[Black "Antonsen, Mikkel"]
[WhiteElo "2528"]
[BlackElo "2449"]
[Result "1/2-1/2"]
[EventDate "2011.04.16"]
[PlyCount "79"]
[EventCategory "7"]
[Source "ChessBase"]
[SourceDate "2011.05.03"]

1. e4 e5 2. Nf3 Nf6 3. Nxe5 d6 4. Nf3 Nxe4 5. d4 d5 6. Bd3 Bd6 7. O-O O-O 8. c4
c6 9. cxd5 cxd5 10. Nc3 Nxc3 11. bxc3 Bg4 12. Rb1 Nd7 13. h3 Bh5 14. Rxb7 Nb6
15. Qc2 Bg6 16. Bxg6 hxg6 17. Ng5 Bc7 18. Qe2 Qc8 19. Qg4 Qxg4 20. hxg4 Bd6 21.
Re1 f6 22. Ne6 Rf7 23. Rxf7 Kxf7 24. Bf4 Bxf4 25. Nxf4 Rc8 26. Ne2 Na4 27. Rb1
Nxc3 28. Rb7+ Kg8 29. Nf4 a5 30. Nxg6 Re8 31. Kf1 a4 32. a3 Re4 33. Ne7+ Kf8
34. Nf5 g6 35. f3 Re2 36. Rc7 Rc2 37. Rc8+ Kf7 38. Rc7+ Kf8 39. Rc8+ Kf7 40.
Rc7+ 1/2-1/2

[Event "90th DEN-ch"]
[Site "Odense DEN"]
[Date "2011.04.20"]
[Round "5"]
[White "Bekker-Jensen, Simon"]
[Black "Andersen, Mads"]
[WhiteElo "2397"]
[BlackElo "2413"]
[Result "1/2-1/2"]
[EventDate "2011.04.16"]
[PlyCount "94"]
[EventCategory "7"]
[Source "ChessBase"]
[SourceDate "2011.05.03"]

1. d4 Nf6 2. c4 g6 3. g3 Bg7 4. Bg2 d5 5. cxd5 Nxd5 6. e4 Nb6 7. Ne2 c5 8. d5
e6 9. Nec3 O-O 10. O-O Na6 11. a4 exd5 12. exd5 Nc4 13. Ne4 Bf5 14. Nbc3 Qb6
15. Qe2 Na5 16. d6 Nb4 17. Be3 Nb3 18. a5 Qa6 19. Qxa6 Nxa6 20. Rad1 Rad8 21.
Nd5 Bxe4 22. Bxe4 Nxa5 23. Nc7 Nc4 24. Bxb7 Nxe3 25. fxe3 Nb4 26. Rd2 Be5 27.
Rfd1 Rd7 28. Bf3 Rfd8 29. Kf1 Rxd6 30. Rxd6 Rxd6 31. Rxd6 Bxd6 32. Nb5 Be5 33.
b3 a6 34. Na7 Bf6 35. Nc6 Nc2 36. Ke2 Bg5 37. Nb8 Nb4 38. Bb7 a5 39. Nc6 Nxc6
40. Bxc6 Kf8 41. Kd3 Ke7 42. e4 Bc1 43. Kc4 Kd6 44. Bd5 f6 45. Bg8 h6 46. Bh7
g5 47. h4 gxh4 1/2-1/2

[Event "90th DEN-ch"]
[Site "Odense DEN"]
[Date "2011.04.20"]
[Round "5"]
[White "Pedersen, Steffen"]
[Black "Kristiansen, Jens"]
[WhiteElo "2417"]
[BlackElo "2436"]
[Result "1/2-1/2"]
[EventDate "2011.04.16"]
[PlyCount "52"]
[EventCategory "7"]
[Source "ChessBase"]
[SourceDate "2011.05.03"]

1. e4 d6 2. d4 Nf6 3. Bd3 e5 4. c3 d5 5. dxe5 Nxe4 6. Nd2 Nc6 7. Ngf3 Nc5 8.
Nb3 Bg4 9. Bb5 Nxb3 10. Qxb3 Bxf3 11. gxf3 Bc5 12. Bf4 O-O 13. O-O-O Ne7 14.
Bd3 Qc8 15. h4 c6 16. Qc2 h6 17. Rdg1 Qe6 18. Qd2 Kh8 19. h5 f5 20. Rg3 Rf7 21.
Rhg1 Re8 22. Kb1 Bb6 23. R3g2 Bc7 24. Re1 Bb6 25. Reg1 Bc7 26. Re1 Bb6 1/2-1/2

[Event "90th DEN-ch"]
[Site "Odense DEN"]
[Date "2011.04.20"]
[Round "5"]
[White "Schandorff, Lars"]
[Black "Skytte, Rasmus"]
[WhiteElo "2488"]
[BlackElo "2409"]
[Result "1-0"]
[EventDate "2011.04.16"]
[PlyCount "61"]
[EventCategory "7"]
[Source "ChessBase"]
[SourceDate "2011.05.03"]

1. d4 d6 2. Nf3 Bg4 3. c4 Bxf3 4. exf3 c6 5. Nc3 g6 6. Be3 Bg7 7. d5 Nd7 8. Qd2
Qa5 9. Rc1 Ngf6 10. Be2 O-O 11. dxc6 bxc6 12. O-O Rfc8 13. f4 Nc5 14. Rfe1 Na4
15. Nxa4 Qxa4 16. b3 Qa3 17. Bf3 e6 18. Bd4 d5 19. Qc3 Ne8 20. Bxg7 Nxg7 21.
cxd5 exd5 22. Bxd5 cxd5 23. Qxc8+ Rxc8 24. Rxc8+ Ne8 25. Rcxe8+ Kg7 26. R8e2 h5
27. h4 a5 28. g3 a4 29. bxa4 Qxa4 30. Rd2 d4 31. Re4 1-0

[Event "90th DEN-ch"]
[Site "Odense DEN"]
[Date "2011.04.21"]
[Round "6"]
[White "Andersen, Mads"]
[Black "Skytte, Rasmus"]
[WhiteElo "2413"]
[BlackElo "2409"]
[Result "1/2-1/2"]
[EventDate "2011.04.16"]
[PlyCount "46"]
[EventCategory "7"]
[Source "ChessBase"]
[SourceDate "2011.05.03"]

1. e4 e5 2. Nf3 d6 3. d4 Nf6 4. Nc3 Nbd7 5. Bc4 Be7 6. O-O c6 7. a4 h6 8. Qe2
Qc7 9. dxe5 Nxe5 10. Nxe5 dxe5 11. f3 Bc5+ 12. Kh1 Nh5 13. g3 Qd7 14. g4 Nf4
15. Bxf4 exf4 16. Nd5 b5 17. Bd3 Qd6 18. Nc3 b4 19. e5 Qd4 20. Ne4 Be6 21. Rad1
Qxe5 22. Nxc5 Qxc5 23. Qe4 Rd8 1/2-1/2

[Event "90th DEN-ch"]
[Site "Odense DEN"]
[Date "2011.04.21"]
[Round "6"]
[White "Kristiansen, Jens"]
[Black "Aagaard, Jacob"]
[WhiteElo "2436"]
[BlackElo "2528"]
[Result "1/2-1/2"]
[EventDate "2011.04.16"]
[PlyCount "110"]
[EventCategory "7"]
[Source "ChessBase"]
[SourceDate "2011.05.03"]

1. e4 c5 2. d3 g6 3. g3 Bg7 4. Bg2 e5 5. Nc3 Nc6 6. Nf3 Nge7 7. Nd2 O-O 8. Nc4
f5 9. f4 d6 10. O-O Be6 11. Nd5 Qd7 12. c3 Rae8 13. a4 Bf7 14. a5 Nxd5 15. exd5
Ne7 16. Qa4 Qxa4 17. Rxa4 Bxd5 18. Nxd6 Rb8 19. fxe5 Bxe5 20. Nc4 Bxg2 21. Kxg2
Bc7 22. Be3 b6 23. axb6 axb6 24. Ra7 Nd5 25. Bh6 Rfe8 26. Kf3 f4 27. gxf4 Bxf4
28. Bxf4 Nxf4 29. Kg4 Nh5 30. Rf3 Re6 31. Ne3 Rd8 32. Kg5 Re5+ 33. Kh4 Nf4 34.
Ng4 Rh5+ 35. Kg3 Rh3+ 36. Kf2 Nxd3+ 37. Kg2 Rxf3 38. Kxf3 Rf8+ 39. Ke3 Nxb2 40.
Ke4 h5 41. Nh6+ Kh8 42. Nf7+ Kg7 43. Ne5+ Kg8 44. Nxg6 Rf2 45. h4 b5 46. Nf4
Nd1 47. Nxh5 Nxc3+ 48. Ke5 Re2+ 49. Kf5 Ne4 50. Nf4 Nd6+ 51. Kg6 Re4 52. Ra8+
Ne8 53. Kf5 Re1 54. Ne6 Rf1+ 55. Ke5 Re1+ 1/2-1/2

[Event "90th DEN-ch"]
[Site "Odense DEN"]
[Date "2011.04.21"]
[Round "6"]
[White "Seegert, Kristian"]
[Black "Schandorff, Lars"]
[WhiteElo "2146"]
[BlackElo "2488"]
[Result "0-1"]
[EventDate "2011.04.16"]
[PlyCount "64"]
[EventCategory "7"]
[Source "ChessBase"]
[SourceDate "2011.05.03"]

1. e4 c6 2. d4 d5 3. Nc3 dxe4 4. Nxe4 Bf5 5. Ng3 Bg6 6. h4 h6 7. Nf3 Nd7 8. h5
Bh7 9. Bd3 Bxd3 10. Qxd3 e6 11. Bd2 Ngf6 12. O-O-O Be7 13. Qe2 Rc8 14. Rhe1 O-O
15. Ne5 c5 16. Ng6 cxd4 17. Nxf8 Bxf8 18. Kb1 Qb6 19. Qd3 Ng4 20. Re2 Nge5 21.
Qb3 Qa6 22. Bb4 Bxb4 23. Qxb4 Rc5 24. f4 Nc6 25. Qe1 Ra5 26. a3 Rb5 27. Ka1 Nc5
28. Ne4 Na4 29. b3 Nb6 30. Nc3 dxc3 31. Qxc3 Qxa3+ 32. Kb1 Na4 0-1

[Event "90th DEN-ch"]
[Site "Odense DEN"]
[Date "2011.04.22"]
[Round "7"]
[White "Aagaard, Jacob"]
[Black "Bekker-Jensen, Simon"]
[WhiteElo "2528"]
[BlackElo "2397"]
[Result "1/2-1/2"]
[EventDate "2011.04.16"]
[PlyCount "127"]
[EventCategory "7"]
[Source "ChessBase"]
[SourceDate "2011.05.03"]

1. e4 c5 2. Nf3 d6 3. d4 Nf6 4. Nc3 cxd4 5. Nxd4 a6 6. Bg5 e6 7. f4 Qb6 8. Qd3
Nc6 9. Bxf6 gxf6 10. Nb3 Bd7 11. O-O-O O-O-O 12. Be2 h5 13. Rhf1 Be7 14. Qh3
Na5 15. Bxh5 Nxb3+ 16. cxb3 Qc5 17. g4 Kb8 18. Kb1 b5 19. Rc1 Qb6 20. b4 Rc8
21. Qd3 a5 22. bxa5 Qxa5 23. Ne2 b4 24. Rfe1 Rhf8 25. Qd2 e5 26. Rxc8+ Bxc8 27.
Ng3 Be6 28. b3 exf4 29. Nf5 Re8 30. Nxe7 Rxe7 31. Qxd6+ Qc7 32. Qxb4+ Ka8 33.
Qa4+ Kb8 34. Qb5+ Ka8 35. Qa6+ Kb8 36. Qb5+ Ka8 37. Qa6+ Kb8 38. Rc1 Qe5 39.
Qb6+ Rb7 40. Qd8+ Ka7 41. Qd3 Rb4 42. h4 Rxe4 43. Qd8 Kb7 44. Bxf7 Re2 45. Qe7+
Kb8 46. Qf8+ Kb7 47. Qe7+ Kb8 48. Qb4+ Ka8 49. Qf8+ Kb7 50. Qb4+ Ka8 51. Qa3+
Kb8 52. Bg6 f5 53. Qf8+ Kb7 54. Qe7+ Kb8 55. Qf8+ Kb7 56. Qe7+ Kb8 57. Qe8+ Ka7
58. Qa4+ Kb8 59. Qe8+ Ka7 60. Qa4+ Kb8 61. Qb4+ Ka8 62. Qa3+ Kb8 63. Qb4+ Ka8
64. Qa3+ 1/2-1/2

[Event "90th DEN-ch"]
[Site "Odense DEN"]
[Date "2011.04.22"]
[Round "7"]
[White "Rasmussen, Allan Stig"]
[Black "Kristiansen, Jens"]
[WhiteElo "2538"]
[BlackElo "2436"]
[Result "1-0"]
[EventDate "2011.04.16"]
[PlyCount "65"]
[EventCategory "7"]
[Source "ChessBase"]
[SourceDate "2011.05.03"]

1. e4 d6 2. d4 Nf6 3. Nc3 g6 4. Nge2 Bg7 5. h3 O-O 6. g4 e5 7. Bg2 Nc6 8. Be3
Re8 9. O-O Bd7 10. Qd2 exd4 11. Nxd4 Nxd4 12. Bxd4 Bc6 13. Rae1 Nd7 14. Be3 Nb6
15. b3 Qf6 16. Nd1 Qe7 17. f4 Qf8 18. Bf2 h6 19. h4 Nd7 20. g5 Rad8 21. f5 hxg5
22. hxg5 Be5 23. f6 Nc5 24. c4 b5 25. Bf3 bxc4 26. bxc4 Rb8 27. Kg2 Ba1 28. Qf4
Ne6 29. Qh4 Nxg5 30. Qxg5 Re6 31. Bh4 Bxf6 32. Qxf6 Rxf6 33. Bxf6 1-0

[Event "90th DEN-ch"]
[Site "Odense DEN"]
[Date "2011.04.22"]
[Round "7"]
[White "Schandorff, Lars"]
[Black "Antonsen, Mikkel"]
[WhiteElo "2488"]
[BlackElo "2449"]
[Result "1-0"]
[EventDate "2011.04.16"]
[PlyCount "51"]
[EventCategory "7"]
[Source "ChessBase"]
[SourceDate "2011.05.03"]

1. d4 d5 2. c4 e6 3. Nc3 Be7 4. cxd5 exd5 5. Bf4 c6 6. Qc2 Bd6 7. Bxd6 Qxd6 8.
e3 Ne7 9. Bd3 b6 10. Nf3 Ba6 11. O-O Bxd3 12. Qxd3 O-O 13. e4 Nd7 14. Rfe1 Rfd8
15. Rac1 Nf8 16. g3 Qh6 17. Ne5 Nfg6 18. Nxg6 Qxg6 19. Qf3 dxe4 20. Rxe4 Nf5
21. Rd1 h6 22. d5 cxd5 23. Rxd5 Rxd5 24. Nxd5 Kh8 25. Rg4 Qe6 26. Ne3 1-0

[Event "90th DEN-ch"]
[Site "Odense DEN"]
[Date "2011.04.22"]
[Round "7"]
[White "Skytte, Rasmus"]
[Black "Seegert, Kristian"]
[WhiteElo "2409"]
[BlackElo "2146"]
[Result "1/2-1/2"]
[EventDate "2011.04.16"]
[PlyCount "91"]
[EventCategory "7"]
[Source "ChessBase"]
[SourceDate "2011.05.03"]

1. Nf3 d5 2. d4 Nf6 3. c4 c6 4. Nc3 e6 5. g3 dxc4 6. Bg2 Bb4 7. O-O Nbd7 8. a4
a5 9. Qc2 O-O 10. Bf4 Nd5 11. Bd2 f5 12. e4 Ne7 13. Bg5 Nf6 14. Bxf6 Rxf6 15.
Rad1 Rb8 16. Ne5 Qc7 17. Nxc4 b5 18. Ne3 Bxc3 19. bxc3 Rf8 20. Qa2 Kh8 21. axb5
cxb5 22. d5 Qxc3 23. d6 Ng8 24. exf5 exf5 25. d7 Bxd7 26. Rxd7 Nf6 27. Rdd1
Rfc8 28. Nxf5 Rc7 29. Nd4 h6 30. Qb1 Rcc8 31. Nf5 b4 32. Nd6 Rf8 33. Qg6 Qb3
34. Rde1 a4 35. Re7 Qg8 36. Ra7 a3 37. h4 a2 38. Qc2 b3 39. Qb2 Qe6 40. Nb7
Rfc8 41. Ra3 Ne4 42. Rxb3 Nd2 43. Re3 Qxe3 44. fxe3 Nxf1 45. Qxa2 Nxe3 46. Qd2
1/2-1/2